| Tag |
First Indicator |
Second Indicator |
Subfields |
| LEADER |
00000cam a2200000 a 4500 |
| 001 |
in00000014333 |
| 005 |
20210803090218.0 |
| 008 |
880428s1986 xx a b 00010 eng d |
| 035 |
|
|
|a (OCoLC)17861047
|
| 035 |
|
|
|9 AAA6698AM
|
| 040 |
|
|
|a TXA
|c TXA
|d UtOrBLW
|
| 049 |
|
|
|a TXAD [Also in] [Archives]
|c 1 [A09358520], 2 [A09358538]
|
| 099 |
|
|
|a 1986
|a Disser-
|a tation
|a M996
|
| 100 |
1 |
|
|a Myers, David Lewis,
|d 1958-
|
| 245 |
1 |
0 |
|a Silica supported chromium catalysts for the polymerization of ethylene /
|c by David Lewis Myers.
|
| 264 |
|
1 |
|a [Place of publication not identified] :
|b [publisher not identified] ;
|c 1986.
|
| 300 |
|
|
|a xii, 167 leaves :
|b illustrations ;
|c 29 cm.
|
| 336 |
|
|
|a text
|b txt
|2 rdacontent
|
| 337 |
|
|
|a unmediated
|b n
|2 rdamedia
|
| 338 |
|
|
|a volume
|b nc
|2 rdacarrier
|
| 500 |
|
|
|a Typescript (photocopy).
|
| 502 |
|
|
|b Ph. D.
|c Texas A&M University
|d 1986.
|
| 500 |
|
|
|a Vita.
|
| 504 |
|
|
|a Bibliography: leaves 152-159.
|
| 500 |
|
|
|a "Major subject: Chemistry."
|
| 650 |
|
0 |
|a Catalysis.
|
| 650 |
|
0 |
|a Polymerization.
|
| 650 |
|
0 |
|a Polyethylene.
|
| 650 |
|
0 |
|a Chromium.
|
| 650 |
|
0 |
|a Polymers.
|
| 650 |
|
4 |
|a Major chemistry.
|
| 856 |
4 |
1 |
|u http://hdl.handle.net/1969.1/DISSERTATIONS-20444
|z Link to OAKTrust copy
|t 0
|
| 856 |
4 |
1 |
|u http://proxy.library.tamu.edu/login?url=http://proquest.umi.com/pqdweb?did=753615401&sid=1&Fmt=2&clientId=2945&RQT=309&VName=PQD
|t 0
|
| 999 |
|
|
|a MARS
|
| 999 |
f |
f |
|s b160d702-b980-3488-b04c-93675446c7f7
|i c1d3b056-9ec9-3816-9f4e-91916a4e7a2f
|t 0
|
| 952 |
f |
f |
|p noncirc
|a Texas A&M University
|b J.J. Pickle Campus
|c High Density Repository
|s HDR
|d Remote Storage
|t 0
|e 1986 Dissertation M996
|h Other scheme
|i unmediated -- volume
|m A14839616720
|
| 952 |
f |
f |
|a Texas A&M University
|b College Station
|c Electronic Resources
|s www_evans
|d Available Online
|t 0
|e 1986 Dissertation M996
|h Other scheme
|
| 998 |
f |
f |
|a 1986 Dissertation M996
|t 0
|l Available Online
|
| 998 |
f |
f |
|a 1986 Dissertation M996
|t 0
|l Remote Storage
|